000 00557cam a22002171 4500
001 he 67001335
003 DLC
005 20260227111448.0
008 830526s1966 is 000 0 heb
010 _ahe 67001335
035 _a(OCoLC)19144713
040 _aDLC
_cMH
_dDLC
042 _apremarc
050 0 0 _aPJ5054.G35
_bK56
100 1 _aGamzu, Yosi.
245 1 0 _aKol ha-kavod.
260 _a[Tel Aviv] :
_bB. Tsʼeriḳover
_c[1966]
300 _a100 p. :
_bill. (part col.) ;
_c22 cm.
500 _aSatiric poetry.
752 _aIsrael
_dTel Aviv
999 _c32487
_d32487